Positive family therapy : (Record no. 132056)

MARC details
000 -LEADER
fixed length control field 00740nam a22002297a 4500
005 - DATE AND TIME OF LATEST TRANSACTION
control field 20170124110147.0
010 ## - LIBRARY OF CONGRESS CONTROL NUMBER
LC control number A-806661
020 ## - INTERNATIONAL STANDARD BOOK NUMBER
Terms of availability 00.00
International Standard Book Number 8120718399
035 ## - SYSTEM CONTROL NUMBER
System control number A-806661
037 ## - SOURCE OF ACQUISITION
Source of stock number/acquisition Cen Lib/Ret
040 ## - CATALOGING SOURCE
Original cataloging agency DPL
Language of cataloging EN
082 ## - DEWEY DECIMAL CLASSIFICATION NUMBER
Classification number 616.89156
Item number PES
100 ## - MAIN ENTRY--PERSONAL NAME
Personal name Pesechkian, N.
9 (RLIN) 33583
245 ## - TITLE STATEMENT
Title Positive family therapy :
Statement of responsibility, etc by N.Peseschkian
Remainder of title the family as therapist /
260 ## - PUBLICATION, DISTRIBUTION, ETC. (IMPRINT)
Name of publisher, distributor, etc Steling Publishers
Place of publication, distribution, etc New Delhi
Date of publication, distribution, etc 1996
270 ## - ADDRESS
Address L-110, Green Park Extension
City New Delhi
Postal code 110016
300 ## - PHYSICAL DESCRIPTION
Extent x,337p. :
Dimensions 19cm(Hb)
Other physical details ill.
500 ## - GENERAL NOTE
General note Includes bibliographical references and index
650 ## - SUBJECT ADDED ENTRY--TOPICAL TERM
Topical term or geographic name as entry element Family psychotherapy
9 (RLIN) 33584
650 ## - SUBJECT ADDED ENTRY--TOPICAL TERM
Topical term or geographic name as entry element Family Therapy
9 (RLIN) 33585
942 ## - ADDED ENTRY ELEMENTS (KOHA)
Source of classification or shelving scheme Dewey Decimal Classification
Koha item type English Books
Classification part 616.89156
Call number suffix PES
Holdings
Withdrawn status Lost status Damaged status Not for loan Home library Current library Date acquired Source of acquisition Cost, normal purchase price Total Checkouts Full call number Barcode Date last seen Copy number Cost, replacement price Price effective from Koha item type
        Central Library Central Library 16/07/2015 Cen Lib/Ret 0.00   616.89156 PES A-806661 16/07/2015 1 0.00 16/07/2015 English Books

© Delhi Public Library
Hit Counter
free hit counter